| 000 | 00589nam a2200193Ii 4500 | ||
|---|---|---|---|
| 003 | JO-AjNU | ||
| 008 | 230605s9999||||xx |||||||||||||| ||und|| | ||
| 040 |
_aJO-AjNU _bara _erda _cJO-AjNU |
||
| 041 | _aara | ||
| 050 | 1 | 4 | _aHD37.A7.H37.1988 |
| 100 | 3 |
_aتوفيق،حسن احمد, _eauthor _919134 |
|
| 245 | 0 | 0 | _aادارة المبيعات |
| 264 | 3 | 1 | _aالقاهرة:دار النهضة العربية،1988 |
| 300 | _a398 | ||
| 336 |
_atext _btxt _2rdacontent |
||
| 337 |
_aunmediated _bn _2rdamedia |
||
| 338 |
_avolume _bnc _2rdacarrier |
||
| 650 | 4 |
_aادارة-مبيعات _919135 |
|
| 999 |
_aA6252 _c9820 _d9820 |
||